| 000 | 01248nam a22002777a 4500 | ||
|---|---|---|---|
| 005 | 20180530155129.0 | ||
| 008 | 130511b xxu||||| |||| 00| 0 eng d | ||
| 010 | _aB-492830 B-691387 B-691610 Rashtrpati-2 | ||
| 020 |
_c650.00 _a9788131808153 |
||
| 035 | _aB-492830 B-691387 B-691610 | ||
| 037 | _bUBH / VEN | ||
| 037 | _bRK Books | ||
| 040 |
_adpl _beng |
||
| 082 | _a620.106 | ||
| 100 |
_955301 _aBansal, R.K. |
||
| 245 |
_aA text of fluid mechanics and hydraulic machines( S I units) / _cby R. K. Bansal |
||
| 250 | _a9th rev ed. | ||
| 260 |
_aNew Delhi _bLaxmi Publications _c2013 (reprint) _c2017 (reprint) |
||
| 270 |
_a113, Golden House, Darya Ganj _bNew Delhi _e110002 |
||
| 300 |
_a1102p _c24cm(pbk) |
||
| 500 | _a Rashtrpati-2 | ||
| 942 |
_2ddc _cEN _h620.106 _mBAN |
||
| 999 |
_c75454 _d75454 |
||